000 01240nam a2200277Ia 4500
001 19966
003 DO-CoUTE
005 20260204212508.0
008 220102s9999 dr 000 0 spa d
040 _aDO-CoUTE
_bspa
_cDO-CoUTE
041 0 _aspa
090 _aEDU-IN 2019 S15
100 1 _aDe Jesús Sánchez, Lidia
_esustentante
245 1 0 _aLa enseñanza de la lecto-escritura en los niños, Distrito Educativo 16-01 / Lidia De Jesús Sánchez, Angela María Jiménez Mendoza, Gladys Del Carmen García Suárez ; asesor María Eufemia Fernández Acosta
260 _aCotuí, República Dominicana :
_bUTECO,
_c2019
300 _a91 hojas :
_bIlustraciones ;
_c28cm.
502 _aTrabajo de grado (Licenciatura en Educación Inicial)--Universidad Tecnológica del Cibao Oriental, 2019
504 _aIncluye referencia bibliográfica e índice
650 4 _aLa enseñanza de la lecto-escritura en los niños
700 1 _aGarcía Suárez, Gladys Del Carmen
_esustentante
700 1 _aJiménez Mendoza, Angela María
_esustentante
830 0 _aTesis y disertaciones académicas (Universidad Tecnológica del Cibao Oriental)
942 _2LC
_cTH
999 _c19717
_d19717